徐州市知识测验 Xuzhou city quiz - Statistics

General Stats
  • This quiz has been taken 42 times
  • The average score is 11 of 19
Answer Stats
问题 答案 % Correct
秦汉时出身徐州地区最重要的名人 刘邦
95%
徐州的车牌代码 苏C
95%
自秦汉起的古称 彭城
87%
2021年世界第3位的工程机械制造商 徐工集团
82%
徐州市的双一流大学 中国矿业大学
71%
徐州西面的的较大湖泊 云龙湖
68%
几个市辖区中对其它各区形成“半包围”之势的区 铜山区
68%
代管的两个县级市 邳州市
66%
“徐州地方,历代大规模征战_ _ 余次,是非曲折难以论说” 五十
61%
煮一锅鸡肉,锅边贴满面饼的菜肴 地锅鸡
61%
徐州的国际机场 徐州观音国际机场
55%
代管的两个县级市 新沂市
55%
与山东部分地区均宣称的特色菜肴,用线绳捆扎五花肉炖煮 把子肉
53%
自西北向东南穿城而过的较大河流 故黄河(黄河故道)
47%
湖泊东面的连绵山丘 云龙山
42%
徐州地铁1/2/3号线组成的线网形状 “{女}”字形
34%
徐州地铁2/3号线换乘站“淮塔”指的是哪座塔? 淮海战役烈士纪念塔
34%
市中心作为传统古民居旅游区的一座山 户部山
26%
发源于该湖泊,蜿蜒流经市区最终流向安徽省的较小河流 奎河
11%
No matching quizzes found
Score Distribution
Percent of People with Each Score
Percentile by Number Answered
Your Score History
You have not taken this quiz